000 00329nam a2200145Ia 4500
008 230718s9999 xx 000 0 und d
041 _aEng.
082 _a361.65
_bEDE-2
100 _aEde, Martin Mease
245 0 _a24 Hour Saty
260 _aPakistan
_bSweet ad Mon
_c1993
300 _a245
650 _aLaw
999 _c26734
_d26734